The law of guarantees in Singapore and Malaysia

Bibliographic Details
Main Author: Low, Kee Yang
Format: Book
Published: Singapore : Butterworths , 1992
Subjects:

MARC

LEADER 00000cam a2200000 7i4500
001 0000001021
002 000001130
005 20000330.0
020 |a 0409996165 
090 0 0 |a 343.08   |b LOW 
100 1 |a Low, Kee Yang 
245 1 4 |a The law of guarantees in Singapore and Malaysia   |c Low Kee Yang 
260 |a Singapore :   |b Butterworths ,   |c 1992 
300 |a 308p. ;   |c 26cm. 
650 0 0 |a Law   |z Malaysia 
650 0 0 |a Law   |z Singapore 
999 |a 030217   |b BUKU   |c MALAYSIANA   |e PERPUSTAKAAN KOMUNITI PETALING JAYA